000
00238nam a22000977a 4500
008
160510b xxu||||| |||| 00| 0 eng d
041
_a
eng
080
_a
61.39
245
_a
Home medical encylopedia:
_c
Charles B. clayman MD;
942
_2
udc
_c
BK
999
_c
1974
_d
1974